000 00899nas a2200289 4500
001 BR2011002206
003 BR-BrBNA
005 20231205114555.0
007 ta
008 230509b bl.|||p| |||| 00| 00por d
040 _aBR-BrBNA
_bpor
_cBiblioteca Nacional de Agricultura
041 _a(Pt)
072 _aL73
100 1 _aFonseca Júnior, A.A.
100 1 _aDias, N.L.
100 1 _aLeite, R.C.
100 1 _aHeinemann, M.B.
100 1 _aReis, J.K.P.
245 1 _aPCR duplex para diferenciação de amostras vacinais e selvagens do vírus da doença de Aujeszky
650 _aSUÍNO
650 _aDOENÇA DE AUJESZKY
650 _aVÍRUS
650 _aVACINA
773 0 _tArquivo Brasileiro de Medicina Veterinária e Zootecnia (Brazil)
_xISSN 0102-0935
_g(Oct 2010), v. 62(5) p. 1259-1262
_wBR2011002206
909 _a202311
_bLúcia
_c55
_dLúcia Elande
942 _2AGRIS
_n0
_cANA
999 _c209388
_d209388